000 00981nam a2200361 a 4500
003 AR-BaBNM
005 20251128204749.0
008 082120s2002 ||||||||||||||000 | spa||
040 _cAR-BaBNM
100 1 _aLima, Félix
245 0 0 _aEntraña de Buenos Aires
260 _aBuenos Aires
_bMolar
_bHachette
_c1969
300 _a227 p.
490 0 _aDimensión Argentina
500 _aContiene un estudio preliminar de Barcia, José en p. 7-28
500 _aVocabulario en p. 218-225
600 1 4 _aSánchez, Florencio
650 4 _aCOSTUMBRES
650 4 _aCULTURAS POPULARES
650 4 _aVIDA COTIDIANA
650 4 _aLITERATURA
650 4 _aESPACIOS URBANOS
650 4 _aLITERATURA POPULAR
651 4 _aBuenos Aires [Capital Federal]
653 _aCRIOLLOS
653 _aCRONICAS
653 _aLUNFARDO
655 _aLITERATURA
700 1 _aBarcia, José
_ecompilador
800 1 _aWeinberg, Gregorio
_edirector
942 _cBK
998 _cisola
999 _c8726
_d8726